| 000 | 01130cam a22003377a 4500 | ||
|---|---|---|---|
| 003 | CHAP | ||
| 005 | 20220329135748.0 | ||
| 008 | 971013s1974 r 00010 d | ||
| 010 | _a41678 | ||
| 011 | _a42650 | ||
| 035 | _a46779 | ||
| 040 | _cCHAP | ||
| 082 |
_a550 _bE7Y |
||
| 100 | 0 | 0 |
_aErnst, W. G. _937332 |
| 245 | 1 | 4 | _aLos materiales de la tierra |
| 260 |
_aBarcelona : _bOmega, _c1974 |
||
| 300 |
_a149 p. _b: ilus. ; gráfs. |
||
| 490 | 0 | _aFundamentos de las ciencias de la tierra | |
| 590 |
_aBATCH-UPD _b10 _c20130110 _lUCH01 _h1444 |
||
| 590 |
_aBATCH-UPD _b10 _c20130410 _lUCH01 _h0914 |
||
| 590 |
_aBATCH-UPD _b10 _c20130914 _lUCH01 _h1538 |
||
| 590 |
_aCONVERSION _b10 _c20130109 _lUCH01 _h1323 |
||
| 650 | 1 | 4 |
_aGeología. _947604 |
| 650 | 1 | 4 |
_aTierra. _9113060 |
| 830 | 0 |
_aFundamentos de las ciencias de la tierra _944029 |
|
| 901 | _aBK | ||
| 942 | _cLIBRO | ||
| 949 |
_a550 E7Y _bBC _cLIBRO _d33724000636049 _eLIBRO _fc.2 _h54215 _i46779 _si _t300.00 |
||
| 949 |
_a550 E7Y _bBC _cLIBRO _d33724000689550 _eLIBRO _h54214 _i46779 _si _t300.00 |
||
| 949 |
_a550 E7Y _bBC _cLIBRO _d33724002020777 _eLIBRO _fc.3 _h54216 _i46779 _si _t300.00 |
||
| 999 |
_c41678 _d41678 |
||